[Event "IECG QM.2003.0.00065 email"]
[Site "IECG email"]
[Date "2003.10.31"]
[Round "?"]
[White "Bourgault, Pierre"]
[Black "Goins, David A"]
[Result "0-1"]
[WhiteElo "2256"]
[BlackElo "2338"]
[PlyCount "36"]
[EventDate "2003.10.31"]
[EventType "tourn (corr)"]
[EventRounds "6"]
[SourceTitle "Corr 2008"]
[Source "ChessBase"]
[SourceDate "2008.06.24"]
[SourceVersion "1"]
[SourceVersionDate "2008.06.24"]
[SourceQuality "1"]

1. e4 c5 2. c4 Nc6 3. Nf3 e5 4. Be2 d6 5. Nc3 f5 6. d3 Be7 7. 0-0 Nf6 8. a3 0-0 9. Re1 Nd4 10. Bf1 fxe4 11. Nxd4 cxd4 12. Nxe4 Nxe4 13. dxe4 Be6 14. Bd3 Rf7 15. Qh5 Qb6 16. Qd1 Raf8 17. Rf1 Qd8 18. Qd2 Rf6 0-1

[Event "IECG CA.2003.0.00095 email"]
[Site "IECG email"]
[Date "2003.05.20"]
[Round "?"]
[White "Rohmat, Mohamad"]
[Black "Bourgault, Pierre"]
[Result "0-1"]
[WhiteElo "2076"]
[BlackElo "2187"]
[PlyCount "42"]
[EventDate "2003.05.20"]
[EventType "tourn (corr)"]
[EventRounds "6"]
[SourceTitle "Corr 2008"]
[Source "ChessBase"]
[SourceDate "2008.06.24"]
[SourceVersion "1"]
[SourceVersionDate "2008.06.24"]
[SourceQuality "1"]

1. e4 e5 2. Nf3 Nf6 3. Nxe5 d6 4. Nf3 Nxe4 5. d4 d5 6. Bd3 Be7 7. 0-0 Nc6 8. c4 Nb4 9. Be2 0-0 10. Nc3 Be6 11. Be3 Nxc3 12. bxc3 Nc6 13. cxd5 Bxd5 14. Qc2 f5 15. Qd2 Bd6 16. Rad1 f4 17. c4 fxe3 18. fxe3 Bf7 19. e4 Bb4 20. Qb2 Qe7 21. e5 Bh5 0-1

[Event "IECG CM.2003.0.00220 email"]
[Site "IECG email"]
[Date "2003.05.08"]
[Round "?"]
[White "Bourgault, Pierre"]
[Black "Le Duigou, Jean Guy"]
[Result "1/2-1/2"]
[WhiteElo "2219"]
[BlackElo "2260"]
[PlyCount "39"]
[EventDate "2003.05.08"]
[EventType "tourn (corr)"]
[EventRounds "6"]
[SourceTitle "Corr 2008"]
[Source "ChessBase"]
[SourceDate "2008.06.24"]
[SourceVersion "1"]
[SourceVersionDate "2008.06.24"]
[SourceQuality "1"]

1. e4 c5 2. Nf3 e6 3. d4 cxd4 4. Nxd4 Nc6 5. Nc3 a6 6. Nxc6 bxc6 7. e5 Qc7 8. f4 d5 9. exd6 Bxd6 10. Ne4 Be7 11. Bd3 Nf6 12. 0-0 0-0 13. Be3 Nd5 14. Qf3 Nxe3 15. Qxe3 Rb8 16. b3 Qb6 17. Qxb6 Rxb6 18. Rad1 c5 19. Bc4 Bb7 20. Rfe1 1/2-1/2